000
00290nam a22001097a 4500
008
170116b xxu||||| |||| 00| 0 eng d
020
_a
9780323075831
041
_a
eng
080
_2
6TH
_a
618.2
245
_a
MOSBY'S TEXTBOOK FOR LONG-TERM CARE NURSING ASSISTANTS
_c
SORRENTINO
942
_2
udc
_c
BK
999
_c
2974
_d
2974